|
|
|
|
| LEADER |
02227nam a2200457 a 4500 |
| 001 |
EBC616249 |
| 003 |
MiAaPQ |
| 005 |
20200520144314.0 |
| 006 |
m o d | |
| 007 |
cr cn||||||||| |
| 008 |
091211s2010 mdua sb 001 0 eng |
| 010 |
|
|
|z 2009051131
|
| 020 |
|
|
|z 9780742556607 (cloth : alk. paper)
|
| 020 |
|
|
|a 9780742568488 (electronic bk.)
|
| 035 |
|
|
|a (MiAaPQ)EBC616249
|
| 035 |
|
|
|a (Au-PeEL)EBL616249
|
| 035 |
|
|
|a (CaPaEBR)ebr10391950
|
| 035 |
|
|
|a (CaONFJC)MIL260762
|
| 035 |
|
|
|a (OCoLC)700699441
|
| 040 |
|
|
|a MiAaPQ
|c MiAaPQ
|d MiAaPQ
|
| 043 |
|
|
|a n-mx---
|a n-us---
|
| 050 |
|
4 |
|a HC135
|b .C967 2010
|
| 082 |
0 |
4 |
|a 330.972
|2 22
|
| 100 |
1 |
|
|a Cypher, James M.
|
| 245 |
1 |
0 |
|a Mexico's economic dilemma
|h [electronic resource] :
|b the developmental failure of neoliberalism : a contemporary case study of the globalization process /
|c James M. Cypher and Raul Delgado Wise.
|
| 260 |
|
|
|a Lanham :
|b Rowman & Littlefield,
|c c2010.
|
| 300 |
|
|
|a xv, 209 p. :
|b ill.
|
| 490 |
1 |
|
|a Critical currents in Latin American perspective
|
| 504 |
|
|
|a Includes bibliographical references and index.
|
| 505 |
0 |
|
|a Mexico's socioeconomic structure and the current crisis -- The political economy of Mexico's export-led model -- Nafta: U.S. restructuring, Mexican realignment -- The maquiladora sector: building block of Mexico's export-led model -- The disguised maquila sector and beyond -- The direct exportation of Mexican labor -- The international political economy of capital restructuring.
|
| 533 |
|
|
|a Electronic reproduction. Ann Arbor, MI : ProQuest, 2015. Available via World Wide Web. Access may be limited to ProQuest affiliated libraries.
|
| 650 |
|
0 |
|a Neoliberalism
|z Mexico.
|
| 651 |
|
0 |
|a Mexico
|x Economic policy
|y 21st century.
|
| 651 |
|
0 |
|a Mexico
|x Economic conditions
|y 21st century.
|
| 651 |
|
0 |
|a Mexico
|x Foreign economic relations
|z United States.
|
| 651 |
|
0 |
|a United States
|x Foreign economic relations
|z Mexico.
|
| 655 |
|
4 |
|a Electronic books.
|
| 700 |
1 |
|
|a Delgado Wise, Raul,
|d 1950-
|
| 710 |
2 |
|
|a ProQuest (Firm)
|
| 830 |
|
0 |
|a Critical currents in Latin American perspective.
|
| 856 |
4 |
0 |
|u https://ebookcentral.proquest.com/lib/matrademy/detail.action?docID=616249
|z Click to View
|